Design Criteria for Mosques and Islamic Centers (Record no. 8274)

MARC details
000 -LEADER
fixed length control field 00432nam a2200157Ia 4500
008 - FIXED-LENGTH DATA ELEMENTS--GENERAL INFORMATION
fixed length control field 230312s9999||||xx |||||||||||||| ||und||
020 ## - INTERNATIONAL STANDARD BOOK NUMBER
International Standard Book Number 0-7506-6796-8
082 ## - DEWEY DECIMAL CLASSIFICATION NUMBER
Classification number 726.2028
Item number KAH-D
100 ## - MAIN ENTRY--PERSONAL NAME
Personal name Kahera;Akel
245 #0 - TITLE STATEMENT
Title Design Criteria for Mosques and Islamic Centers
260 ## - PUBLICATION, DISTRIBUTION, ETC.
Name of publisher, distributor, etc. Elsevier
Place of publication, distribution, etc. UK
Date of publication, distribution, etc. 2009
300 ## - PHYSICAL DESCRIPTION
Extent 93
546 ## - LANGUAGE NOTE
Language note Eng.
650 ## - SUBJECT ADDED ENTRY--TOPICAL TERM
Topical term or geographic name entry element Architecture
Form subdivision Design Criteria for Mosques and Islamic Centers
942 ## - ADDED ENTRY ELEMENTS (KOHA)
Koha item type BOOK
Holdings
Withdrawn status Lost status Source of classification or shelving scheme Damaged status Not for loan Home library Current library Date acquired Total Checkouts Full call number Barcode Date last seen Price effective from Koha item type
    Dewey Decimal Classification     Superior Information Resource Center (SIRC) Superior University- Main Campus Superior Information Resource Center (SIRC) Superior University- Main Campus 03/13/2023   726.2028 KAH-D 8382 03/13/2023 03/13/2023 BOOK

Powered by Koha